000 00198 a2200097 4500
001 26438
100 _aMorgan
245 _aThe Elements of Stucture
260 _a
_bPitman
_c
090 _c17774
_d17774
942 _aNUST-CAE
_cM
_c8640
999 _c261511
_d261511